000 01063 a2200169 4500
003 Nust
005 20170207154200.0
040 _cNust
082 _a515.15
100 _aThomas, George B.
245 _aCalculus and analytic geometry /
_ceorge B. Thomas, Jr., Ross L. Finney
260 _aReading, Mass. :
_bAddison-Wesley,
_c1972
300 _a1034 P.
505 _aThe Rate of Change of a Function (Page-1) Derivatives of Algebraic Functions (Page-62) Applications (Page-112) Integration (Page-164) Application of the Definite Integral (Page-231) Transcendental Functions (Page-300) Methods of Integration (Page-348) Determinants and Linear Equations (Page-408) Plane Analytic Geometry (Page-449) Hyperbolic Functions (Page-522) Polar Coordinates (Page-547) Vectors and Parametric Equations (Page-573) Solid Geometry and Vectors (Page-615) Partial Differentiation (Page-674) Multiple Integrals (Page-750) Infinite Series (Page-789) Complex Numbers and Functions (Page-863) Differential Equations (Page-899)
650 _aCalculus.
651 _aAnalytic Geometry
942 _2ddc
_cBK
999 _c194675
_d194675